| 000 | 00900nam a2200265 i 4500 | ||
|---|---|---|---|
| 001 | bg | ||
| 100 | 1 | _aŠMID, Wacław | |
| 245 | 1 | 0 |
_aMarketing pod presją globalizacji : _bnowe wartości, hierarchia potrzeb, zarządzanie, metamarketing / _cWacław Šmid. |
| 260 |
_aWarszawa : _b"Placet", _c2002. |
||
| 300 |
_a240 s. : _bil. ; _c21 cm. |
||
| 490 | 1 | _aMarketing Nowego Wieku | |
| 500 | _aNa okł. podtyt.: marketing zintegrowany, globalizacja - nowe wartości, nowe potrzeby, metamarketing. | ||
| 504 | _aBibliogr. | ||
| 650 | 9 |
_aGlobalizacja _xzagadnienia |
|
| 650 | 9 | _aMarketing | |
| 830 | _aMarketing Nowego Wieku | ||
| 020 | _a8385428755 | ||
| 040 | _cBPK | ||
| 041 | 0 | _apol | |
| 080 | _a339.138:316.334.2 | ||
| 920 | _a83-85428-75-5 | ||
| 942 | _cKS | ||
| 008 | s pl f |000 0 pol | ||
| 999 |
_c44528 _d44528 |
||
| 856 |
_uhttp://koha.tu.koszalin.pl/cgi-bin/koha/opac-detail.pl?biblionumber=44528 _yKatalog online BPK |
||